000 00673nam a2200241Ia 4500
003 OSt
005 20220918194441.0
006 a|||||r|||| 00| 0
007 ta
008 220917b |||||||| |||| 00| 0 eng d
024 _a79,497
037 _cTextual
040 _aARTS
_cARTS
_beng
041 _2eng
_aeng
082 _aS:4, L63-;1
100 _aSahakian William S
_922626
245 0 _aIntroduction to the psychology of learning
260 _aChicago
_bRand McNally College Pub
_c1976
300 _axvii,462p. illus
_ccm.
650 _aCOGNITIVE STYLES
_915127
942 _hS:4, L63-;1
_cTEXL
_2CC
999 _c203223
_d203223